000
00243nam a22001097a 4500
082
_a
030
_b
CAT/E
245
_a
THE ILUSTRATED ENCYCLOPEDIA OF WILDLIFE
260
_a
LONDON
_b
ORBIS
300
_a
240
650
_a
GENERAL KNOWLEDGE
_z
UK
942
_c
BK
999
_c
2124
_d
2124